000 00668nam a22002057a 4500
003 NUST-PNEC
005 20170116180733.0
008 141119b xxu||||| |||| 00| 0 eng d
020 _a020135411X
040 _cPNEC
082 _a006.6 KEL
100 _91003
_aKellogg Orson
245 _aAuthorware 5 Attain authorized
_cOrson Kellogg
260 _aBerkeley, CA :
_bMacromedia Press,
_cc1999.
300 _aix, 437 p. :
_bill. ;
_c25 cm.
500 _aIncludes index.
650 _xMIS, Computer
856 _uhttp://www.amazon.com/Authorware-5-Attain-Authorized-2nd/dp/020135411X/ref=sr_1_1?ie=UTF8&qid=1416377224&sr=8-1&keywords=020135411X
942 _2ddc
_cBK
999 _c61840
_d61840